02054nam a2200361 4500001000400000003000400004005001700008008004100025020001800066040000800084041001300092082001700105100002000122240004900142245016100191260003400352300001600386490004000402520078800442650002901230650002401259650002201283650001701305650002501322655001601347655002001363700005001383700003201433830004501465942001501510952015401525999001301679269OSt20250528074016.0250313b |||||||j |||| 00| 1 eng d a9788539505487 bPor hengapor a028.5bS879c aStone, Rex9494 aDinosaur Cove: March of the Armoured Beasts  aA Caverna dos Dinossauros bA marcha das feras encouraçadas / cStone, Rex ; tradução de Barbara Sampaio Vieira Duarte e ilustração de Mike Spoor aSão PaulobFundamentoc2014 a59 p.bil. 1 aA Caverna dos Dinossauros vLivro 3 aJamie e seu amigo, Tom, estão de volta às fantásticas paisagens do Mundo dos Dinossauros. Assim que eles chegam, dão de cara com pegadas enormes e decidem segui-las. A trilha leva a um grupo de gigantescos dinossauros cobertos por uma carapaça impenetrável e com rabos que parecem uma clava. O Descobridor de Fósseis os identifica como anquilossauros. Os imensos répteis não sabem, mas um filhote se desgarrou do bando e corre grande perigo. O bebê dino está atolado no pântano e afunda rapidamente em um lamaçal fedorento. Por sorte, Jamie e Tom o encontram e vão fazer todo o possível para salvá-lo. Mas, será que a mamãe anquilossauro vai entender que os garotos só querem ajudar? Ou vai atacá-los com sua cauda poderosa? Leia e descubra!  0aLiteratura Americana984 0aInfantojuvenil9200 0aDinossauros 9495 0aAventura947 0aGrandes Amizades928 0aRomance923 0aFicção 922 aBarbara Sampaio Vieira DuarteeTRADUTORA9496 aMike SpooreIlustrador9497 aA Caverna dos Dinossauros vLivro 39498 2ddcn0cBK 00102ddc3vol. 0340708FICaBIBIBbBIBIBcIJd2025-03-13edoaçãol0oIJ 028.5 / S879cp2025-17224r2025-03-13 08:52:01tEx. 01w2025-03-13yBK c269d269